000 00508nam a2200193Ia 4500
999 _c80060
_d80060
001 69553
003 OSt
005 20220121121029.0
008 151205s9999||||xx |||||||||||||| ||und||
020 _aNA
040 _cPK-LaUMT
082 _a348.5489123043
_bPES-
100 _aAbdul Karim Khan Kundi
245 _a2014 Peshawar law reports [PLR] [PLR, Vol. XXI]
_cAbdul Karim Khan Kundi
260 _aLahore,Pakistan:
_bPeshawar Law Reports,
_c2014
501 _a3 vols
546 _aEN
942 _cLPJ
_2ddc